000 00372nam a2200157Ia 4500
100 _aRiley/John
942 _cBK
366 _f20
654 _awriting fast programs
245 _aWriting Fast programs:A practical guide for scientists and engineers
260 _bViva
_c2008
082 _a4.77
_bRIL
300 _a328
546 _aENGLISH
_celectronics
999 _c27231
_d27231